| Record ID | marc_cca/b10621386.out:52459802:1709 |
| Source | marc_cca |
| Download Link | /show-records/marc_cca/b10621386.out:52459802:1709?format=raw |
LEADER: 01709cam 2200373Ia 4500
001 47352453
003 OCoLC
005 20080122201304.0
008 010716s1998 nyu b 001 0 eng d
010 $z97005175
020 $a0374525641
020 $a9780374525644
035 $a(OCoLC)47352453
040 $aCUI$cCUI$dPGM$dSDD$dOCLCQ$dBAKER$dOCLCQ$dNLGGC$dYDXCP$dOCLCQ$dBTCTA$dDNF$dCC9
043 $an-us-ca$aa-ls---
049 $aCC9M
090 $aRA418.5.T73$bF33 1998
100 1 $aFadiman, Anne,$d1953-
245 14 $aThe spirit catches you and you fall down :$ba Hmong child, her American doctors, and the collision of two cultures /$cAnne Fadiman.
250 $a1st pbk. ed.
260 $aNew York :$bFarrar, Straus and Giroux,$c1998.
300 $aix, 341 p. ;$c21 cm.
504 $aIncludes bibliographical references (p. [313]-326) and index.
505 0 $aBirth -- Fish soup -- The spirit catches you and you fall down -- Do doctors eat brains? -- Take as directed -- High-velocity transcortical lead therapy -- Government property -- Foua and Nao Kao -- A little medicine and a little neeb -- War -- The big one -- Flight -- Code X -- The melting pot -- Gold and dross -- Why did they pick Merced? -- The eight questions -- The life or the soul -- The sacrifice.
650 0 $aTranscultural medical care$zCalifornia$vCase studies.
650 0 $aHmong American children$xMedical care$zCalifornia.
650 0 $aHmong Americans$xMedicine.
650 0 $aIntercultural communication.
650 0 $aEpilepsy in children.
655 7 $aDiversity resources, Asian and Asian American.
907 $a.b10598959$bmn $c-
902 $a080929
998 $b1$c080122$dm$ea$f-$g4
945 $lmnst